[Event "7. Arber-Senioren-Cup 2019"]
[Site "Bodenmais"]
[Date "2019.07.28"]
[Round "2.2"]
[White "Steiger, Michael"]
[Black "Blechzin, Igor"]
[Result "0-1"]
[WhiteElo "2016"]
[BlackElo "2221"]
[Annotator "TA"]
[PlyCount "74"]
[EventDate "2019.07.27"]
[EventType "swiss"]
[EventCountry "GER"]
[SourceTitle "playchess.com"]
[Source "ChessBase"]
[SourceQuality "1"]

{[%evp 19,74,10,10,0,0,0,0,-12,14,24,14,-61,-30,-39,-30,-75,-69,-77,6,6,22,0,-1,-66,-66,-475,-69,-65,-69,-127,-125,-116,-118,-113,-104,-104,-104,-126,-123,-158,-154,-178,-47,-137,-132,-183,-168,-163,-162,-168,-168,-169,-168,-179,-176,-175,-175]} 1. c4 e5 2. Nc3 Nf6 3. g3 d5 4. cxd5 Nxd5 5. Bg2 Nb6 6. Nf3 Nc6 7. O-O Be7 8. a3 a5 9. d3 O-O 10. Be3 Be6 11. d4 {A29: English Opening: Four Knights Variation with 4 g3} (11. Bxb6 cxb6 12. e3 Qd7 13. d4 exd4 14. Nxd4 Nxd4 15. exd4 Bc4 16. Re1 Bf6 17. Qf3 Rad8 18. Rad1 b5 {0-1 (42) Potkin,V (2597)-Yu,Y (2764) St Petersburg 2018}) 11... exd4 12. Nxd4 Nxd4 13. Bxd4 {The position is equal.} c5 $146 ({Predecessor:} 13... c6 14. Qd3 Re8 15. Rad1 Bb3 16. Rc1 a4 17. Ne4 Ra5 18. Nd2 Rb5 19. Nxb3 Rxb3 {½-½ (42) Ryska,J (2123)-Pavlicek,M (2325) ICCF email 2014}) 14. Be3 Nc4 15. Bxb7 (15. Qc1 $11) 15... Nxe3 16. fxe3 Rb8 $36 {[%mdl 2048] Black has some pressure.} 17. Bf3 Rxb2 18. Nd5 Bxd5 (18... Bg5 $17 19. Kh1 Qb8) 19. Bxd5 $11 Qc7 20. Qc1 Qe5 21. e4 (21. Ra2 $11 Rxa2 22. Bxa2) 21... Rxe2 $15 {[#] Threatens to win with ...Bf6.} 22. Qc4 $2 {[%mdl 8192]} (22. Qd1 $15 Qd4+ 23. Qxd4 cxd4 24. Rf3) 22... Qd4+ $2 ({Better is} 22... Qh5 $19 {[%csl Ge2][%cal Rh5h2]} 23. Rf2 Rxf2 24. Kxf2 Rb8) 23. Qxd4 cxd4 24. Rab1 ({White should play} 24. Rf3 $15) 24... d3 $17 25. Bc4 Rxe4 26. Bxd3 Ra4 27. Rb7 Bxa3 28. Kg2 Rd4 29. Bb1 Rd2+ 30. Kh3 Re2 (30... g6 $19 {White must now prevent ...Kg7.} 31. Rf3 Bc5) 31. Ra7 (31. Rf5 $1 $15) 31... Bb4 {Black is clearly better.} 32. Ra6 (32. Bd3 $17 Re7 33. Rxe7 Bxe7 34. Rc1) 32... g6 33. Bd3 Re7 34. Bc4 Kg7 35. Kg2 Rc8 36. Bb3 Rc3 37. Ba4 f5 {Accuracy: White = 29%, Black = 55%.} 0-1

[Event "7. Arber-Senioren-Cup 2019"]
[Site "Bodenmais"]
[Date "2019.07.28"]
[Round "2.3"]
[White "Oberhofer, Max"]
[Black "Fleuch, Hans-Juergen"]
[Result "0-1"]
[WhiteElo "2187"]
[BlackElo "1951"]
[Annotator "TA"]
[PlyCount "47"]
[EventDate "2019.07.27"]
[EventType "swiss"]
[EventCountry "GER"]
[SourceTitle "playchess.com"]
[Source "ChessBase"]
[SourceQuality "1"]

{[%evp 13,47,31,49,45,52,37,51,41,39,38,45,41,46,8,13,0,0,0,0,-16,17,13,32,42,39,43,113,112,114,112,130,-79,-81,-97,-89,-801]} 1. d4 d6 2. Nf3 Nd7 3. g3 g6 4. Bg2 Bg7 5. c4 Ngf6 6. Nc3 O-O 7. O-O Rb8 8. e4 {E67: King's Indian: Fianchetto: 6...Nbd7} e5 9. d5 Nc5 10. Qc2 {White is slightly better.} a5 $146 ({Predecessor:} 10... Ne8 11. b4 Na6 12. a3 f5 13. Be3 fxe4 14. Ng5 Ra8 15. Bxe4 Nf6 16. Bg2 {1-0 (36) Kopowski,J (1734)-Solinski,R (1599) Duesseldorf 2002}) 11. a3 a4 12. Be3 Nb3 13. Rad1 Bd7 14. h3 Nh5 15. Nb5 b6 16. Nd2 f5 17. Nxb3 {[#] Hoping for Na1.} axb3 18. Qxb3 f4 19. Bc1 f3 (19... Bh6 $14) 20. Bxf3 $16 Bxh3 21. Bg2 Qd7 22. Qe3 $2 (22. Kh2 $16 {keeps the pressure on.} Bxg2 23. Kxg2) 22... Bxg2 $17 23. Kxg2 {[#]} Qg4 $1 {...Nf4+ is the strong threat.} 24. Rh1 $2 {[%mdl 8192] Accuracy: White = 39%, Black = 78%.} (24. Qb3 $17) 0-1

[Event "7. Arber-Senioren-Cup 2019"]
[Site "Bodenmais"]
[Date "2019.07.28"]
[Round "2.4"]
[White "Gerl, Hans"]
[Black "Lorenc, Tomas"]
[Result "0-1"]
[WhiteElo "1955"]
[BlackElo "2158"]
[Annotator "TA"]
[PlyCount "86"]
[EventDate "2019.07.27"]
[EventType "swiss"]
[EventCountry "GER"]
[SourceTitle "playchess.com"]
[Source "ChessBase"]
[SourceQuality "1"]

{[%evp 15,86,47,22,-45,-41,-43,-40,-42,-25,-69,-45,-68,-68,-71,-35,-77,-77,-106,-87,-131,-84,-79,-79,-116,-35,-39,10,0,0,-84,-82,-78,-74,-76,-61,-87,-86,-114,-70,-85,-82,-72,-62,-229,-233,-235,-244,-206,-202,-393,-404,-458,-467,-586,-581,-982,-981,-1087,-949,-1022,-1039,-29994,-919,-29982,-29982,-29981,-29982,-29993,-29994,-29994,-29995,-29998,-29999]} 1. d4 Nf6 2. c4 c5 3. d5 b5 4. cxb5 a6 5. b6 e6 6. Nc3 exd5 7. Nxd5 Nxd5 8. Qxd5 Nc6 {[%cal Bb8c6,Bc6a5,Ba5b3][%mdl 32]} 9. a3 $146 {A57: Benko/Volga Gambit} (9. e3 $11) ({Predecessor:} 9. e4 Be7 10. Bc4 O-O 11. Nf3 Rb8 12. Bd2 Rxb6 13. Bc3 d6 14. O-O Bf6 15. Rfd1 Bxc3 16. bxc3 Na5 17. Bd3 Be6 18. Qh5 h6 19. e5 d5 {½-½ (54) Rakhmanov,A (2670)-Esipenko,A (2523) Sochi 2017}) 9... Be7 {[%mdl 1024] Black has compensation.} 10. Nf3 O-O 11. e3 {Black is slightly better.} Bb7 12. Qh5 Na5 13. Bd3 {[%csl Gd3][%cal Rh5h7]} g6 $1 {[%cal Rg6h5]} 14. Qg4 d5 15. h4 Nb3 16. Rb1 Qxb6 17. Bd2 Rae8 18. h5 Bc8 19. Qf4 {And now Qh6! would win.} Qf6 (19... Nxd2 $17 20. Nxd2 c4) 20. Qh6 $15 {Strongly threatening Bc3.} Qg7 21. Qxg7+ $1 Kxg7 22. Kf1 (22. Bc3+ $1 $11 d4 23. exd4) 22... Nxd2+ $17 23. Nxd2 f5 24. hxg6 hxg6 25. g3 Bb7 26. Rh2 Bf6 27. Be2 Re6 28. Nb3 Rc8 29. Bf3 $2 {[#]} (29. g4 $15) 29... Rb6 $1 $19 {[%cal Rb6b3]} 30. Na5 {[#]} Ba8 $1 31. b4 Bc3 {[%cal Rc5b4]} 32. Rd1 $2 (32. Nb3 {was called for.} cxb4 33. a4) 32... cxb4 33. axb4 Rxb4 34. Bxd5 Rd8 35. Rc1 {Bxa8 is the strong threat.} Rxd5 36. Rxc3 Rxa5 37. Rc7+ Kf6 {( -> ...Rb1+)} 38. Rh8 Bf3 (38... Rb1+ $142 39. Ke2 Ra2+ 40. Kd3 Be4+ 41. Kd4 Rd2+ 42. Kc4 Rc2+ 43. Kd4 Rd1#) 39. Ke1 Ra2 {Black mates.} 40. Rc1 Rbb2 41. Rd8 Rxf2 42. Rd6+ Kg5 43. Rxa6 Rae2+ {[%mdl 64] Double Attack. Accuracy: White = 30%, Black = 62%.} 0-1

[Event "7. Arber-Senioren-Cup 2019"]
[Site "Bodenmais"]
[Date "2019.07.28"]
[Round "2.5"]
[White "Koehler, Gerhard"]
[Black "Schmidt, Matthias"]
[Result "1-0"]
[WhiteElo "2197"]
[BlackElo "2020"]
[Annotator "TA"]
[PlyCount "79"]
[EventDate "2019.07.27"]
[EventType "swiss"]
[EventCountry "GER"]
[SourceTitle "playchess.com"]
[Source "ChessBase"]
[SourceQuality "1"]

{[%evp 14,79,15,16,18,14,15,23,41,24,34,25,34,33,70,9,-1,-1,10,0,26,2,7,0,3,0,0,0,0,0,0,0,41,39,108,35,108,26,29,16,23,22,166,166,210,154,175,170,333,278,369,333,580,377,562,499,1234,1173,1746,1812,1527,1207,1251,610,610,602,598,582]} 1. c4 Nf6 2. Nc3 c5 3. g3 g6 4. Bg2 Bg7 5. a3 Nc6 6. Rb1 a5 7. d3 O-O 8. e4 d6 {A36: Symmetrical English vs ...g6: 4 Bg2 Bg7} 9. Nge2 Bd7 (9... Ne8 10. Be3 Nc7 11. O-O Ne6 12. a4 Ned4 13. Nb5 Bg4 14. f3 Bd7 15. Bxd4 cxd4 16. f4 Qb6 17. Kh1 Nb4 18. Ng1 f5 19. Qb3 Kh8 {0-1 (64) Nihal,S (2483)-Adhiban,B (2670) Douglas 2017}) 10. O-O Qc8 {White has an edge.} 11. f3 $146 ({Predecessor:} 11. Bg5 h6 12. Bxf6 exf6 13. Nd5 Qd8 14. b4 axb4 15. axb4 cxb4 16. Nxb4 Nxb4 17. Rxb4 Bc6 18. Nd4 Ra3 {½-½ (18) Rodriguez,J (2409)-Real de Azua,E (2455) Villa Martelli 2016}) 11... Rb8 12. Be3 b6 13. b3 Re8 14. d4 (14. Qd2 $14) 14... cxd4 $11 15. Nxd4 Nxd4 16. Bxd4 ({Much worse is} 16. Qxd4 Nxe4 17. Qxe4 Bf5 $17) 16... Nh5 (16... a4 $5) 17. Nd5 Bxd4+ 18. Qxd4 Qc5 19. Rfd1 $36 {[%mdl 2048] White has good play.} Bc6 20. b4 Qxd4+ 21. Rxd4 Bxd5 22. cxd5 Nf6 23. Bh3 Red8 {[#]} (23... axb4 $14 24. a4 (24. Rdxb4 Ra8 $14) 24... Ra8) 24. Kf2 (24. b5 $1 $16) 24... Kf8 {[#]} ({Better is} 24... axb4 $14 25. Rdxb4 (25. Rbxb4 Ra8 $14) 25... Ra8) 25. Rc4 ({White should play} 25. b5 $1 $16) 25... b5 26. Rc3 Ra8 27. Ke3 e6 (27... Rdb8 $11 {and Black has nothing to worry.}) 28. dxe6 $18 d5 {White must now prevent ...d4+.} 29. Rd1 axb4 30. axb4 Ra2 $2 (30... dxe4 31. Rxd8+ Rxd8 32. fxe4 fxe6) 31. exf7 Rxh2 32. Be6 Rb2 $2 (32... Rh1 33. Rxh1 d4+ 34. Kd3 dxc3+ 35. Kxc3 Nh5) 33. Rd4 Ke7 (33... Ra2 $142 34. g4 h6) 34. exd5 {White is clearly winning.} g5 (34... Nh5 $142 35. Rc7+ Kf8) 35. Rc7+ Kd6 36. Rc8 Rb3+ 37. Kf2 Rb2+ 38. Kg1 (38. Ke1 $142 Rxc8 39. Bxc8) 38... Rxc8 39. Bxc8 Ke7 40. Be6 {Accuracy: White = 38%, Black = 34%.} 1-0

[Event "7. Arber-Senioren-Cup 2019"]
[Site "Bodenmais"]
[Date "2019.07.28"]
[Round "2.6"]
[White "Halli, Gerhard"]
[Black "Glaessl, Matthias"]
[Result "0-1"]
[WhiteElo "1955"]
[BlackElo "2148"]
[Annotator "TA"]
[PlyCount "121"]
[EventDate "2019.07.27"]
[EventType "swiss"]
[EventCountry "GER"]
[SourceTitle "playchess.com"]
[Source "ChessBase"]
[SourceQuality "1"]

{[%evp 9,121,22,31,18,31,24,39,14,15,16,8,7,10,-6,12,8,43,18,47,43,55,47,54,0,19,19,25,0,14,6,32,-8,0,0,16,0,7,10,19,9,22,3,13,-3,18,-17,-22,-58,-55,-122,-49,-43,-35,-49,-49,-50,0,0,0,0,0,0,0,0,0,-103,0,-250,0,0,0,0,0,0,0,0,0,0,6087,5126,5118,5110,29984,-29967,29983,-29968,29984,-29972,29984,-29986,83,-29972,-29973,-29973,-29974,-29974,-29975,-29975,-29977,-29978,-29979,-29978,-8,-8,-8,-8,-8,-29983,-29984,-29984,-29985,-29985,-29986,-29987]} 1. d4 Nf6 2. Bf4 e6 3. e3 d6 (3... c5 4. Nd2 cxd4 5. exd4 Be7 6. Ngf3 O-O 7. Bd3 b6 8. O-O Bb7 9. Re1 d6 10. c3 a6 11. Ng5 h6 12. Nge4 Nxe4 13. Nxe4 Bxe4 14. Bxe4 d5 15. Bc2 Bg5 16. Qd3 g6 17. Rxe6 {1-0 (17) Aronian,L (2767)-Giri,A (2782) chess.com INT 2018}) 4. Bd3 Nbd7 5. Nf3 Qe7 6. e4 {A45: Trompowsky Attack} e5 7. dxe5 Nxe5 $146 ({Predecessor:} 7... dxe5 8. Bg3 Qb4+ 9. Nbd2 Qxb2 10. O-O Bd6 11. Nc4 {0-1 (48) Schultz,R (1507)-Paz,A (1947) Sao Paulo 2014}) 8. Nxe5 {White is slightly better.} (8. Nc3 {keeps more tension.} g6 9. Be2 Bg7 10. O-O O-O 11. Bg5) 8... dxe5 9. Bd2 c6 10. Qe2 Qc7 11. Bc3 Be6 12. Nd2 Nd7 13. a4 Nc5 14. Bc4 Be7 15. Qh5 Bf6 16. Qe2 ({White should play} 16. Bb4 $14 Bxc4 17. Nxc4 Nxe4 18. O-O) 16... Bxc4 17. Nxc4 Ne6 18. Ne3 O-O-O 19. O-O Nd4 20. Qc4 (20. Bxd4 $5 Rxd4 21. c3 $11) 20... h5 21. Rfd1 Ne6 22. b4 Rxd1+ 23. Rxd1 Rd8 24. Rxd8+ (24. Qf1 {looks sharper.} Bg5 25. Nc4 f6 26. b5 g6 27. Rxd8+ Kxd8 28. Bb4) 24... Kxd8 25. Qd3+ (25. Qe2 {with more complications.} g6 26. Nc4 Ke7 27. g3 Bg7 28. Bd2) 25... Qd7 26. Qxd7+ Kxd7 $11 {[%mdl 4096] Endgame KBN-KBN} 27. Bd2 Bg5 28. c3 {[#]} a5 $1 {[%mdl 512]} 29. f3 (29. Kf1 $1 $15) (29. bxa5 Nc5) 29... axb4 (29... Bxe3+ $17 30. Bxe3 b5 31. axb5 a4 32. bxc6+ Kxc6) 30. cxb4 $15 Bxe3+ 31. Bxe3 $17 {KB-KN} c5 32. b5 ({Don't blunder} 32. Bxc5 $2 Nxc5 33. bxc5 Kc6 $19) 32... b6 33. h4 Kd6 34. Kf1 Nd4 35. Bc1 f5 36. exf5 Nxf5 37. Ke2 (37. Bg5 $11 {remains equal.}) 37... Kd5 ({Black should try} 37... Nxh4 $17 38. g4 hxg4 39. fxg4 Ng6) 38. Kd3 $2 (38. Bg5 $11 {and White stays safe.}) 38... Nd6 $2 (38... Nxh4 $19 39. g4 g6) 39. Bg5 c4+ 40. Kc2 {And now Be3 would win.} Nb7 $1 41. Be3 Nc5 42. Kc3 Nxa4+ 43. Kb4 Nc5 $2 {[%mdl 8192]} (43... Nb2 $11) 44. Bxc5 $1 $18 bxc5+ {KP-KP} 45. Kc3 e4 46. Kc2 $4 {[%mdl 8192]} (46. fxe4+ Kd6 47. Kxc4 Ke6 48. b6 Kd6 49. e5+ $1 {[%mdl 576] Promotion} Kxe5 50. b7 g5 51. b8=Q+ Ke4 52. Qe8+ Kf4 53. Qf7+ Ke5 54. hxg5) 46... Kd6 $4 {[%mdl 8192]} (46... exf3 $1 47. gxf3 Kd6 48. Kb2 Kc7 49. Kc3 Kb7 50. Kxc4 Kb6 51. Kd3 Kxb5 52. Kc3 c4 53. Kc2 Kc5 54. Kd1 Kd4 55. Kd2 Ke5 56. Kc3 g5 $1 {[%mdl 512]} 57. hxg5 h4 58. g6 Kf6 59. Kd2 Kxg6 60. Kc3 h3 61. Kd4 h2 62. Kc3 h1=Q 63. Kd4 Qxf3 64. Kxc4 Kf5 65. Kd4 Qc6 66. Kd3 Kf4 67. Kd4 Qb5 68. Kc3 Ke3 69. Kc2 Qb4 70. Kc1 Kd3 71. Kd1 Qd2#) 47. Kc3 $4 {[%mdl 8192]} (47. fxe4 Kc7 48. e5 Kd7 49. b6 Kc6 50. e6 g6 51. b7 $1 {[%mdl 512]} Kc7 52. Kc3) 47... Kc7 $4 {[%mdl 8192]} ({Stronger than} 47... e3 48. g4 $11) (47... exf3 $1 {and all is fine.} 48. gxf3 Kc7 49. Kxc4 Kb6 50. Kb3 Kxb5 51. Kc3 c4 52. Kd2 Kb4 53. Kc2 c3 54. f4 Kc4 55. Kb1 Kd3 56. Kc1 Ke4 57. Kd1 Kxf4 58. Kc2 Kg3 59. Kxc3 Kxh4 60. Kd2 Kg3 61. Ke2 g5 62. Ke3 h4 63. Ke4 h3 64. Kd4 Kf4 65. Kd5 g4 66. Kd4 g3 67. Kc5 g2 68. Kd6 g1=Q 69. Kd5 h2 70. Kc6 h1=Q+ 71. Kc7 Qa7+ 72. Kd6 Qha8 73. Ke6 Qc6#) 48. Kxc4 $4 {[%mdl 8192]} (48. fxe4 {was the only winning move.} Kd6 49. Kxc4 g6 50. Kd3 Ke5 51. b6 c4+ 52. Kxc4 g5 53. hxg5) 48... Kb6 $4 {[%mdl 8192]} (48... exf3 49. gxf3 Kb6 50. Kd3 Kxb5 51. Kc3 c4 52. Kd2 Kc5 53. Kc3 Kd5 54. Kc2 Ke5 55. Kc3 g5 $1 {[%mdl 512]} 56. hxg5 h4 57. g6 Kf6 58. f4 h3 59. g7 Kxg7 60. Kxc4 h2 61. Kd3 h1=Q 62. Kc4 Qc6+ 63. Kd3 Kf6 64. f5 Kxf5 65. Kd4 Kf4 66. Kd3 Qc5 67. Kd2 Qc4 68. Ke1 Ke3 69. Kd1 Qc6 70. Ke1 Qh1#) 49. Kd5 $4 {[%mdl 8192]} (49. fxe4 {is the narrow road to win.} Kc7 50. Kxc5 Kc8 51. b6 Kd7 52. e5 g5 53. hxg5 Ke6 54. g6) 49... Kxb5 $2 (49... e3 50. g3 e2 51. Ke6 e1=Q+ {[%mdl 64] Double Attack} 52. Kf5 c4 53. g4 Kxb5 54. Kf4 c3 55. g5 c2 56. Kf5 c1=Q 57. Kg6 Qe6+ 58. Kh7 Qcc8 59. Kxg7 Qcg8#) 50. Kxe4 $2 {[%mdl 8192] K3P-K3P} (50. fxe4 $16 c4 51. e5) 50... Kb4 51. Kd3 Kb3 $1 52. Kd2 c4 53. Kc1 {[#]} Kc3 $1 54. g3 Kd3 55. g4 g6 $2 (55... Ke3 {mates} 56. gxh5 Kxf3 57. Kb2 {[#]} Kg4 $1 {[%mdl 512]} 58. h6 gxh6 59. Kc3 Kxh4 60. Kxc4 h5 61. Kd3 Kg3 62. Ke2 Kg2 63. Kd2 h4 64. Ke3 h3 65. Ke4 h2 66. Kd4 h1=Q 67. Kd5 Qc1 68. Kd6 Qc8 69. Ke5 Qd7 70. Kf6 Kg3 71. Kg6 Kg4 72. Kf6 Kf4 73. Kg6 Qe7 74. Kh6 Kf5 75. Kh5 Qh7#) 56. gxh5 $11 gxh5 {( -> ...Ke3)} 57. f4 $1 {[%cal Rf4f5] Intending f5 and mate.} Ke4 58. Kd2 $2 {[%mdl 8192]} (58. Kb2 $11) 58... Kxf4 {Black mates.} 59. Kc3 Kg4 60. Kxc4 Kxh4 61. Kd4 {Accuracy: White = 38%, Black = 35%.} 0-1

[Event "7. Arber-Senioren-Cup 2019"]
[Site "Bodenmais"]
[Date "2019.07.28"]
[Round "2.7"]
[White "Herbold, Manfred"]
[Black "Mahnke, Ralf"]
[Result "1-0"]
[WhiteElo "2081"]
[BlackElo "1925"]
[Annotator "NA RC"]
[PlyCount "67"]
[EventDate "2019.07.27"]
[EventType "swiss"]
[EventCountry "GER"]
[SourceTitle "playchess.com"]
[Source "ChessBase"]
[SourceQuality "1"]
[TimeControl "5400+30"]

1. e4 {[%emt 0:00:00]} e5 {[%emt 0:00:00]} 2. Bc4 {[%emt 0:00:00]} Nc6 {[%emt 0:00:00]} 3. f4 {[%emt 0:00:00]} Nf6 {[%emt 0:00:00]} 4. Nc3 {[%emt 0:00:00]} Bc5 {[%emt 0:00:00]} 5. Nf3 {[%emt 0:00:00]} d6 {[%emt 0:00:00]} 6. Na4 {[%emt 0:00:00]} Bb6 {[%emt 0:00:00]} 7. Nxb6 {[%emt 0:00:00]} axb6 {[%emt 0:00:00]} 8. d3 {[%emt 0:00:00]} O-O {[%emt 0:00:00]} 9. fxe5 {[%emt 0:00:00]} Nxe5 {[%emt 0:00:00]} 10. Nxe5 {[%emt 0:00:00]} dxe5 {[%emt 0:00:00]} 11. Bg5 {[%emt 0:00:00]} Qd6 {[%emt 0:00:00]} 12. O-O {[%emt 0:00:00]} Ng4 {[%emt 0:00:00]} 13. Qd2 {[%emt 0:00:00]} h6 {[%emt 0:00:00]} 14. Be3 {[%emt 0:00:00]} Nxe3 {[%emt 0:00:00]} 15. Qxe3 {[%emt 0:00:00]} Be6 {[%emt 0:00:00]} 16. Bxe6 {[%emt 0:00:00]} Qxe6 {[%emt 0:00:00]} 17. a3 {[%emt 0:00:00]} Qd6 {[%emt 0:00:00]} 18. Rf5 {[%emt 0:00:38]} f6 {[%emt 0:00:00]} 19. Raf1 {[%emt 0:01:23]} Qc5 {[%emt 0:00:00]} 20. Qf2 {[%emt 0:09:48]} Qxf2+ {[%emt 0:00:00]} 21. Kxf2 {[%emt 0:00:39]} Rfd8 {[%emt 0:00:00]} 22. Ke3 {[%emt 0:00:15]} c5 {[%emt 0:00:00]} 23. g4 {[%emt 0:01:01]} Rd7 {[%emt 0:00:00]} 24. h4 {[%emt 0:02:32]} Re8 {[%emt 0:00:00]} 25. g5 {[%emt 0:02:37]} hxg5 {[%emt 0:00:00]} 26. hxg5 {[%emt 0:00:06]} fxg5 {[%emt 0:00:00]} 27. Rxg5 {[%emt 0:01:24]} Rf7 {[%emt 0:00:00]} 28. Rff5 {[%emt 0:05:38]} Rxf5 {[%emt 0:00:00]} 29. exf5 {[%emt 0:00:14]} b5 {[%emt 0:02:05]} 30. f6 {[%emt 0:00:55]} Kf7 {[%emt 0:02:57]} 31. fxg7 {[%emt 0:01:29]} c4 {[%emt 0:00:37]} 32. Ke4 {[%emt 0:01:14]} cxd3 {[%emt 0:00:29]} 33. cxd3 {[%emt 0:00:06]} Kg8 {[%emt 0:00:36]} 34. Rxe5 {[%emt 0:00:22]} 1-0

[Event "7. Arber-Senioren-Cup 2019"]
[Site "Bodenmais"]
[Date "2019.07.28"]
[Round "2.8"]
[White "Waltenberger, Udo"]
[Black "Kuempers, Ulrich"]
[Result "0-1"]
[WhiteElo "1986"]
[BlackElo "2030"]
[Annotator "NA RC"]
[PlyCount "162"]
[EventDate "2019.07.27"]
[EventType "swiss"]
[EventCountry "GER"]
[SourceTitle "playchess.com"]
[Source "ChessBase"]
[SourceQuality "1"]
[TimeControl "5400+30"]

1. d4 {[%emt 0:00:00]} Nf6 {[%emt 0:00:00]} 2. Nf3 {[%emt 0:00:00]} g6 {[%emt 0:00:00]} 3. g3 {[%emt 0:00:00]} Bg7 {[%emt 0:00:00]} 4. Bg2 {[%emt 0:00:00]} O-O {[%emt 0:00:00]} 5. O-O {[%emt 0:00:00]} d6 {[%emt 0:00:00]} 6. c4 {[%emt 0:00:00]} a6 {[%emt 0:00:00]} 7. Nc3 {[%emt 0:00:00]} Nc6 {[%emt 0:00:00]} 8. h3 {[%emt 0:00:00]} Rb8 {[%emt 0:00:00]} 9. Be3 {[%emt 0:00:00]} b5 {[%emt 0:00:00]} 10. Nd2 {[%emt 0:00:00]} Bd7 {[%emt 0:00:00]} 11. Rc1 {[%emt 0:00:00]} e5 {[%emt 0:00:00]} 12. dxe5 {[%emt 0:00:00]} dxe5 {[%emt 0:00:00]} 13. cxb5 {[%emt 0:00:00]} axb5 {[%emt 0:00:00]} 14. Nde4 {[%emt 0:00:00]} Nxe4 {[%emt 0:07:47]} 15. Nxe4 {[%emt 0:00:00]} Nd4 {[%emt 0:04:50]} 16. Nc5 {[%emt 0:00:00]} b4 {[%emt 0:09:46]} 17. Bxd4 {[%emt 0:14:28]} exd4 {[%emt 0:00:16]} 18. Nxd7 {[%emt 0:01:24]} Qxd7 {[%emt 0:00:31]} 19. Qc2 {[%emt 0:02:59]} Qe6 {[%emt 0:07:49]} 20. Qc4 {[%emt 0:05:01]} Qxc4 {[%emt 0:28:24]} 21. Rxc4 {[%emt 0:00:02]} Rfe8 {[%emt 0:00:45]} 22. Bf3 {[%emt 0:02:24]} b3 {[%emt 0:13:21]} 23. axb3 {[%emt 0:02:24]} Rxb3 {[%emt 0:01:49]} 24. Rxc7 {[%emt 0:01:22]} Rxb2 {[%emt 0:00:20]} 25. Rd1 {[%emt 0:07:16]} h5 {[%emt 0:04:11]} 26. Kg2 {[%emt 0:10:39]} Rd8 {[%emt 0:01:14]} 27. Rd3 {[%emt 0:03:44]} Bf6 {[%emt 0:05:03]} 28. Rb7 {[%emt 0:07:56]} Rc2 {[%emt 0:01:59]} 29. Rb1 {[%emt 0:05:27]} Kg7 {[%emt 0:00:56]} 30. Rbd1 {[%emt 0:00:33]} Rb8 {[%emt 0:01:05]} 31. R1d2 {[%emt 0:01:03]} Rc3 {[%emt 0:01:44]} 32. Bd5 {[%emt 0:07:52]} g5 {[%emt 0:04:18]} 33. e3 {[%emt 0:05:33]} dxe3 {[%emt 0:00:55]} 34. Rxe3 {[%emt 0:02:34]} Rxe3 {[%emt 0:00:51]} 35. fxe3 {[%emt 0:00:01]} Rd8 {[%emt 0:01:39]} 36. e4 {[%emt 0:02:24]} Be5 {[%emt 0:01:11]} 37. Ra2 {[%emt 0:01:30]} Rd7 {[%emt 0:00:18]} 38. g4 {[%emt 0:01:47]} h4 {[%emt 0:00:12]} 39. Rc2 {[%emt 0:03:03]} Ra7 {[%emt 0:00:14]} 40. Ra2 {[%emt 0:01:52]} Rc7 {[%emt 0:00:01]} 41. Ra3 {[%emt 0:01:16]} Rc2+ {[%emt 0:00:24]} 42. Kf1 {[%emt 0:01:27]} f6 {[%emt 0:00:08]} 43. Ra7+ {[%emt 0:01:02]} Kf8 {[%emt 0:00:01]} 44. Ra8+ {[%emt 0:03:22]} Ke7 {[%emt 0:00:02]} 45. Ra7+ {[%emt 0:00:10]} Kd6 {[%emt 0:01:37]} 46. Ra6+ {[%emt 0:00:05]} Kc7 {[%emt 0:00:09]} 47. Ra3 {[%emt 0:01:55]} Kb6 {[%emt 0:00:58]} 48. Rf3 {[%emt 0:01:58]} Kc5 {[%emt 0:00:16]} 49. Rf2 {[%emt 0:01:16]} Rc1+ {[%emt 0:00:14]} 50. Kg2 {[%emt 0:00:02]} Kd4 {[%emt 0:00:17]} 51. Rf3 {[%emt 0:01:03]} Bf4 {[%emt 0:01:44]} 52. Bb7 {[%emt 0:01:13]} Rb1 {[%emt 0:01:13]} 53. Bd5 {[%emt 0:00:06]} Rb6 {[%emt 0:00:21]} 54. Rb3 {[%emt 0:00:58]} Ra6 {[%emt 0:01:02]} 55. Rb1 {[%emt 0:02:37]} Ra3 {[%emt 0:00:32]} 56. Rb3 {[%emt 0:00:01]} Ra2+ {[%emt 0:00:22]} 57. Kf1 {[%emt 0:00:13]} Rh2 {[%emt 0:00:35]} 58. Rf3 {[%emt 0:00:17]} Bg3 {[%emt 0:02:53]} 59. Rxf6 {[%emt 0:01:17]} Rxh3 {[%emt 0:01:19]} 60. Rf3 {[%emt 0:00:11]} Rh1+ {[%emt 0:01:12]} 61. Kg2 {[%emt 0:00:21]} Rh2+ {[%emt 0:00:03]} 62. Kg1 {[%emt 0:01:02]} Rb2 {[%emt 0:00:06]} 63. Kf1 {[%emt 0:00:46]} Bf4 {[%emt 0:00:34]} 64. Rf2 {[%emt 0:00:21]} Rb1+ {[%emt 0:00:13]} 65. Kg2 {[%emt 0:00:02]} Be3 {[%emt 0:00:25]} 66. Rf1 {[%emt 0:00:58]} Rb2+ {[%emt 0:00:07]} 67. Kh1 {[%emt 0:00:44]} h3 {[%emt 0:00:44]} 68. Rf3 {[%emt 0:02:43]} h2 {[%emt 0:00:16]} 69. Rf1 {[%emt 0:00:07]} Bf4 {[%emt 0:00:52]} 70. Bc6 {[%emt 0:00:42]} Be5 {[%emt 0:01:38]} 71. Bd5 {[%emt 0:00:07]} Ke3 {[%emt 0:00:22]} 72. Bc6 {[%emt 0:01:16]} Ke2 {[%emt 0:00:20]} 73. Rc1 {[%emt 0:01:23]} Kf3 {[%emt 0:02:21]} 74. Bd7 {[%emt 0:00:01]} Kg3 {[%emt 0:00:49]} 75. Rd1 {[%emt 0:01:07]} Kh3 {[%emt 0:01:17]} 76. Be6 {[%emt 0:00:37]} Rg2 {[%emt 0:00:12]} 77. Rd3+ {[%emt 0:00:28]} Bg3 {[%emt 0:00:07]} 78. Rd1 {[%emt 0:00:16]} Re2 {[%emt 0:00:18]} 79. Bf5 {[%emt 0:00:21]} Bf4 {[%emt 0:00:37]} 80. Rd3+ {[%emt 0:01:16]} Be3 {[%emt 0:00:02]} 81. Rd1 {[%emt 0:00:00]} Rg2 0-1